| 000 | 00498nam a2200181 a 4500 | ||
|---|---|---|---|
| 001 | 2000 | ||
| 005 | 20140414131923.0 | ||
| 008 | 050211s19uu xx 00 eng d | ||
| 020 | _a0-394-80087-7 | ||
| 050 |
_aER _bYe3 1979 |
||
| 100 | _aGeisel, Theodor Seuss | ||
| 245 |
_aYertle the turtle and other stories / _cby Dr. Seuss. |
||
| 260 |
_aNew York : _bRandom House, _c1979. |
||
| 300 | _a1 v. p. : ill. ; cm. | ||
| 650 |
_aTurtle _xFiction. |
||
| 650 | _aChildren stories. | ||
| 999 |
_c111846 _d111846 |
||